| 000 | 00501nam a2200181Ia 4500 | ||
|---|---|---|---|
| 999 |
_c9909 _d9909 |
||
| 008 | 200103s 1985 ||||xx |||||||||||||| ||und|| | ||
| 082 |
_a621.30221 _bNAR |
||
| 100 | _aNarang, K. L. | ||
| 245 | 0 | _aA textbook of electrical engineering drawing | |
| 250 | _a3rd | ||
| 260 |
_bSatya Prakashan _c1985 _aNew Delhi |
||
| 300 | _a330 p.: ill. | ||
| 504 | _aIncudes figures, index | ||
| 650 | _aGeometrical drawing | ||
| 650 | _aMechanical drawing | ||
| 650 | _aElectrical drawing | ||
| 942 | _cBK | ||